Plant physiology (Record no. 21790)
[ view plain ]
| 000 -LEADER | |
|---|---|
| fixed length control field | 005070000a22002170004500 |
| 082 ## - DEWEY DECIMAL CLASSIFICATION NUMBER | |
| Classification number | 581.1 |
| Item number | P192p |
| -- | T |
| 100 ## - MAIN ENTRY--PERSONAL NAME | |
| Personal name | Pandey, S. N. |
| 100 ## - MAIN ENTRY--PERSONAL NAME | |
| Personal name | Sinha, B. K. |
| 245 ## - TITLE STATEMENT | |
| Title | Plant physiology |
| 250 ## - EDITION STATEMENT | |
| Edition statement | 3rd edn. |
| 260 ## - PUBLICATION, DISTRIBUTION, ETC. (IMPRINT) | |
| Place of publication, distribution, etc | New Delhi |
| Name of publisher, distributor, etc | Vikas Publishing house, India |
| 260 ## - PUBLICATION, DISTRIBUTION, ETC. (IMPRINT) | |
| Date of publication, distribution, etc | 1995 |
| 300 ## - PHYSICAL DESCRIPTION | |
| Extent | xi, 582p |
| Other physical details | illus. |
| 530 ## - ADDITIONAL PHYSICAL FORM AVAILABLE NOTE | |
| Additional physical form available note | M |
| 650 ## - SUBJECT ADDED ENTRY--TOPICAL TERM | |
| Topical term or geographic name as entry element | Plant physiology |
| 650 ## - SUBJECT ADDED ENTRY--TOPICAL TERM | |
| Topical term or geographic name as entry element | Cell |
| 650 ## - SUBJECT ADDED ENTRY--TOPICAL TERM | |
| Topical term or geographic name as entry element | Plant metabolism |
| 650 ## - SUBJECT ADDED ENTRY--TOPICAL TERM | |
| Topical term or geographic name as entry element | Plant biochemistry |
| 650 ## - SUBJECT ADDED ENTRY--TOPICAL TERM | |
| Topical term or geographic name as entry element | Plant nutrition |
| 942 ## - ADDED ENTRY ELEMENTS (KOHA) | |
| Koha item type | General Collections |
| Withdrawn status | Lost status | Damaged status | Not for loan | Home library | Current library | Date acquired | Total Checkouts | Barcode | Date last seen | Price effective from | Source of classification or shelving scheme | Full call number | Date checked out | Koha item type |
|---|---|---|---|---|---|---|---|---|---|---|---|---|---|---|
| Tribhuvan University Central Library | Tribhuvan University Central Library | 06/20/2010 | G51390 | 06/20/2010 | 06/20/2010 | |||||||||
| Tribhuvan University Central Library | Tribhuvan University Central Library | 06/20/2010 | G51391 | 06/20/2010 | 06/20/2010 | |||||||||
| Tribhuvan University Central Library | Tribhuvan University Central Library | 08/11/2024 | 3 | 102097 | 12/10/2024 | 08/11/2024 | Dewey Decimal Classification | 581.1 P192p T | 11/11/2024 | General Collections |
